[Event "Troitskoje op"]
[Site "Troitskoje"]
[Date "2010.09.??"]
[Round "2"]
[White "Namruev, Anatoly"]
[Black "Melnikov, Artem1"]
[Result "0-1"]
[WhiteElo "1976"]
[BlackElo "2030"]
[PlyCount "77"]
[EventDate "2010.09.09"]
[EventType "swiss"]
[EventRounds "7"]
[EventCountry "RUS"]
[SourceTitle "EXT 2023"]
[Source "ChessBase"]
[SourceDate "2022.10.05"]
[SourceVersion "1"]
[SourceVersionDate "2022.10.05"]
[SourceQuality "1"]

1. Nf3 Nf6 2. b3 g6 3. Bb2 Bg7 4. e3 0-0 5. Be2 b6 6. 0-0 Bb7 7. c4 d6 8. Nc3 Nbd7 9. d4 e5 10. dxe5 dxe5 11. Qc2 Qe7 12. Rfd1 Rfd8 13. Nb5 Ne8 14. Ba3 c5 15. Bb2 a6 16. Nc3 Nc7 17. Rd2 Nf8 18. Rad1 Rxd2 19. Qxd2 e4 20. Ne1 Nfe6 21. Qd6 Qxd6 22. Rxd6 b5 23. Rb6 Bc8 24. cxb5 axb5 25. Nd1 Bxb2 26. Nxb2 Rxa2 27. Rb8 Rxb2 28. Rxc8+ Kg7 29. Kf1 Rxb3 30. Bd1 c4 31. Nc2 b4 32. Nd4 Rb1 33. Ke2 Nxd4+ 34. exd4 Nd5 35. Bc2 Rb2 36. Kd1 e3 37. Rxc4 exf2 38. Bd3 Ne3+ 39. Kc1 0-1

[Event "Elista-ch "]
[Site "Elista"]
[Date "2008.07.29"]
[Round "10"]
[White "Namruev, Anatoly"]
[Black "Olenina, Aysa"]
[Result "1-0"]
[WhiteElo "1975"]
[BlackElo "1972"]
[PlyCount "44"]
[EventDate "2008.07.21"]
[EventType "tourn"]
[EventRounds "11"]
[EventCountry "RUS"]
[SourceTitle "EXT 2022"]
[Source "ChessBase"]
[SourceDate "2021.10.06"]
[SourceVersion "1"]
[SourceVersionDate "2021.10.06"]
[SourceQuality "1"]

1. e4 e5 2. Nf3 Nc6 3. Bb5 a6 4. Ba4 Nf6 5. 0-0 Be7 6. Re1 b5 7. Bb3 d6 8. c3 0-0 9. d4 Bg4 10. d5 Na5 11. Bc2 c5 12. dxc6 Nxc6 13. h3 Bh5 14. Nbd2 d5 15. exd5 Qxd5 16. Qe2 Qe6 17. g4 Nxg4 18. hxg4 Qxg4+ 19. Kh2 e4 20. Qxe4 Bd6+ 21. Kh1 Qh3+ 22. Kg1 Rad8 1-0

[Event "Elista-ch "]
[Site "Elista"]
[Date "2008.07.25"]
[Round "5"]
[White "Nyudleev, Dolgan"]
[Black "Namruev, Anatoly"]
[Result "1-0"]
[WhiteElo "2409"]
[BlackElo "1975"]
[PlyCount "58"]
[EventDate "2008.07.21"]
[EventType "tourn"]
[EventRounds "11"]
[EventCountry "RUS"]
[SourceTitle "EXT 2022"]
[Source "ChessBase"]
[SourceDate "2021.10.06"]
[SourceVersion "1"]
[SourceVersionDate "2021.10.06"]
[SourceQuality "1"]

1. e4 e5 2. Nf3 Nc6 3. Bb5 a6 4. Ba4 Nf6 5. 0-0 Nxe4 6. d4 b6 7. Bb3 d5 8. dxe5 Be6 9. c3 Be7 10. Re1 0-0 11. Nbd2 Nc5 12. Bc2 d4 13. cxd4 Nxd4 14. Nxd4 Qxd4 15. Qh5 g6 16. Qh6 Qh4 17. Qe3 Rfd8 18. b3 Bf8 19. Nf3 Qh5 20. Nd4 Rd7 21. Bd1 Qh4 22. Nf3 Qd8 23. Be2 Bf5 24. Bb2 Ne6 25. Rad1 c5 26. h3 Ng7 27. Rxd7 Qxd7 28. Rd1 Qc7 29. Ng5 Rc8 1-0

[Event "Elista-ch "]
[Site "Elista"]
[Date "2008.07.23"]
[Round "3"]
[White "Namruev, Anatoly"]
[Black "Bakuev, Valery"]
[Result "1/2-1/2"]
[WhiteElo "1975"]
[BlackElo "1879"]
[PlyCount "50"]
[EventDate "2008.07.21"]
[EventType "tourn"]
[EventRounds "11"]
[EventCountry "RUS"]
[SourceTitle "EXT 2022"]
[Source "ChessBase"]
[SourceDate "2021.10.06"]
[SourceVersion "1"]
[SourceVersionDate "2021.10.06"]
[SourceQuality "1"]

1. d4 Nf6 2. c4 e6 3. Nc3 d5 4. cxd5 exd5 5. Bg5 Be7 6. e3 c6 7. Nf3 Bg4 8. Be2 Nbd7 9. 0-0 0-0 10. Ne5 Nxe5 11. dxe5 Bxe2 12. Qxe2 Nd7 13. Bxe7 Qxe7 14. e4 Qxe5 15. exd5 Qxe2 16. Nxe2 cxd5 17. Rfd1 Nf6 18. Nc3 Rfd8 19. Rd4 Rac8 20. Rad1 Kf8 21. Kf1 Ne4 22. Nxd5 f5 23. f3 Nf6 24. Nc3 Rxd4 25. Rxd4 Ke7 1/2-1/2